000 nam a22 a 4500
999 _c127341
_d127341
003 BLK
005 20230322141419.0
008 180409b bul|||||r ||||||| ||bul||
010 _aKNG00133043000
020 _a954-01-0091-7
040 _aBLK
041 _aBUL
_cBUL
080 _aБиологични науки
_b57
_x(075.3)
_z57(075.3)
100 1 _aГанев, Жечо В.
_eпърви автор
_9377763
139 _aБиология
_bБ 45
245 1 0 _aБиология
_bУчебник за IХ кл. на СОУ
_cЖечо В. Ганев.
250 _a2. прераб. изд.
257 _aBGR
260 _aСофия
_bПросвета
_c1992
_fСофия: Балкан прес
_n954-01-0091-7
300 _a159 с.
_bс ил.
_c24 см
380 _a5
500 _aДруги авт. : М. Симеоновски, Св. Герасимов, Р. Дойчев, Н. Петрова, Цв. Димитрова ; Пълното име на авт. Св. Герасимов е Светослав Герасимов Цветков, а на Н. Петрова - Невяна Петрова Димитрова . - 1. изд. 1989. - 17 070 тир.; доп. тир. 1999.
650 4 _aБиология - учебници за средни училища
_9247367
653 _aбиология
653 _aІХ кл.
653 _aучебници за средни училища
852 _aЦб 170713
_bЦб
856 4 _qpdf
_i0.00
_ldisable
856 4 _qpdf
_i0.00
_ldisable
942 _cKNG
_n0
_s1
944 _aCR
_c22.08.2012
_l22.08.2012 - от С1,Р / 22.08.2012
_kНаталия_Медовщикова
944 _aED
_c22.08.2012
_l22.08.2012 - от С1,Р / 22.08.2012
999 _d127341